00823nam a2200193 i 450000100060000000300090000600500170001500700030003200800410003510000280007624502280010426000520033230000220038465000350040670000310044185200200047299900170049295201200050937473ES-MaACL20230906155600.0t|030304q1950 fr |||| | fre d1 aFauconney, Jean.94894310aPervertidos sexuales, la tragedia del tercer sexo b: homosexuales, sadistas, masoquistas, vampiros, la perversión sexual de nuestra época, necrofilia / cDoctor A. Caufenyon [anag.] ; traducción de Luis de Arévalo. aBarcelona : b[s.n., cca. 1950] (fImp. Ideal) a195 p. ; c22 cm. aPerversiones sexuales.91664241 aArévalo, Luis de.922657 aES-MaACLjE-473 c37473d37473 00104070aATENEOMbATENEOMcDEPO2d2008-01-17eSCl0oE-473p1039439r2023-02-23 00:00:00w2023-02-23yMONOGRAFIA